| 000 | 00742nam a22002057a 4500 | ||
|---|---|---|---|
| 003 | BUBTL | ||
| 008 | 211219b ||||| |||| 00| 0 eng d | ||
| 020 | _a984458440X | ||
| 082 | _a891.443/ Os53k/ 1995 | ||
| 100 |
_92025 _aওসমান, শওকত |
||
| 245 |
_aক্রীতদাসের হাসি / _cশওকত ওসমান |
||
| 250 | _a11th Edn. | ||
| 260 |
_aঢাকা : _bসময়, _cc1995 |
||
| 300 |
_a80 p. : _c22 cm. |
||
| 505 | _aক্রীতদাসের হাসি, শওকত ওসমান, বাংলা সাহিত্য | ||
| 650 | 0 |
_91687 _aবাংলা সাহিত্য |
|
| 856 |
_k0 _l0 _yDownload |
||
| 942 |
_2ddc _cBK |
||
| 999 |
_c6623 _d6623 |
||